Les chanteurs américains - Mort subite - Statistiques

Statistiques générales
  • Ce quiz a été pris 1 353 fois
  • Le résultat moyen est 5 sur 15
Answers on the Grid
Answers color-coded by a green-red scale on the quiz's grid according to % correct below.
Taylor Swift
Billie Eilish
Lady Gaga
Mariah Carey
Madonna
Eminem
Katy Perry
Beyoncé
Lana del Rey
Bruno Mars
Snoop Dogg
Miley Cyrus
Alicia Keys
Future
Selena Gomez
The Weeknd
Bad Bunny
Rihanna
Adèle
Central Cee
Jorja Smith
Ed Sheeran
Peso Pluma
David Guetta
DJ Snake
Harry Styles
Rosé
Booba
MC Solaar
Kaaris
 
Statistiques - réponses
Réponse % Correct
Beyoncé
43%
Taylor Swift
43%
Eminem
41%
Katy Perry
40%
Lady Gaga
40%
Miley Cyrus
39%
Snoop Dogg
39%
Mariah Carey
38%
Billie Eilish
35%
Madonna
34%
Bruno Mars
33%
Alicia Keys
30%
Selena Gomez
28%
Lana del Rey
26%
Future
20%
Aucun quiz correspondant
Distribution des résultats
% des personnes avec chaque résultat
Percentile par nombre de réponses
Votre historique - résultats
Vous n’avez pas pris ce quiz